Legislatívne zmeny v inštitúte minimálneho dôchodku

Aktuálne schválená novela zákona o sociálnom poistení, ktorá zavádza zmeny vo výpočte, ako aj valorizáciu základného minimálneho dôchodku. Pozitívne a negatívne aspekty minimálneho dôchodku.

Gespeichert in:
Bibliographische Detailangaben
1. Verfasser: Sika, Peter, 1975-
Format: Buchkapitel
Sprache:Slowakisch
Schlagworte:
Tags: Tag hinzufügen
Keine Tags, Fügen Sie das erste Tag hinzu!

MARC

LEADER 00000naa a2200000 4500
001 0263149
005 20240502074158.8
041 0 |a slo 
044 |a SK 
245 1 0 |a Legislatívne zmeny v inštitúte minimálneho dôchodku  |c Peter Sika 
520 |a Aktuálne schválená novela zákona o sociálnom poistení, ktorá zavádza zmeny vo výpočte, ako aj valorizáciu základného minimálneho dôchodku. Pozitívne a negatívne aspekty minimálneho dôchodku. 
610 2 0 |a dôchodky starobné 
610 2 0 |a solidarita 
610 2 0 |a dôchodky invalidné 
610 2 0 |a legislatíva 
100 1 |a Sika, Peter, 1975-